Arithmeticae, algebrae et geometriae principia, sive, Matheseos elementa omnium captui accommo data. Opus, cujus posissitiam partem auctor suo marte elucubravit, exiguam ab auctoribus, qui facilius intelligerentur excerpsit / auctore abbate Para du Phanjas

Detalles Bibliográficos
Autor principal: Fanjas, Para de
Formato: Libro
Lenguaje:Undetermined
Latin
Publicado: Venetiis : apud Laurentium Basilium, 1782.
Materias:
Colección:Banco de datos
Acervo:Biblioteca Palafoxiana. Colección bibliográfica
Descripción Física:618 p. : il. ; 8°
Tema general:Matemáticas
Notas:Incluye ilustraciones en grabado calcográfico. Marca de fuego: Seminario Palafoxiano. Número de localización: 38770
LEADER 00814nam a2200169Ia 4500
008 150723s9999 xx 000 0 und d
041 0 |a lat 
050 0 |a PAFX QA3 P3 
100 1 |a Fanjas, Para de, 
245 1 0 |a Arithmeticae, algebrae et geometriae principia, sive, Matheseos elementa omnium captui accommo data. Opus, cujus posissitiam partem auctor suo marte elucubravit, exiguam ab auctoribus, qui facilius intelligerentur excerpsit / auctore abbate Para du Phanjas 
260 |a Venetiis : apud Laurentium Basilium, 1782. 
300 |a 618 p. : il. ; 8° 
500 |a Incluye ilustraciones en grabado calcográfico. Marca de fuego: Seminario Palafoxiano. Número de localización: 38770 
650 1 0 |a Matemáticas 
942 |c PALALIB 
943 |g Biblioteca Palafoxiana. Colección bibliográfica 
999 |c 1065980  |d 1065980